Udržitelný rozvoj v evropských regionech výroční mezinárodní konference : 8.-9.4.2010 České Budějovice
Guardado en:
| Autor Corporativo: | |
|---|---|
| Formato: | Libro |
| Lenguaje: | checo eslovaco inglés alemán ruso |
| Publicado: |
České Budějovice
Vysoká škola evropských a regionálních studií
2010
|
| Materias: | |
| Etiquetas: |
Sin Etiquetas, Sea el primero en etiquetar este registro!
|
MARC
| LEADER | 00000nlm$a2200000$$$4500 | ||
|---|---|---|---|
| 001 | 0120136 | ||
| 005 | 20221121145945.2 | ||
| 041 | 0 | |a cze | |
| 041 | 0 | |a slo | |
| 041 | 0 | |a eng | |
| 041 | 0 | |a ger | |
| 041 | 0 | |a rus | |
| 044 | |a CZ | ||
| 245 | 1 | 0 | |a Udržitelný rozvoj v evropských regionech |b výroční mezinárodní konference : 8.-9.4.2010 České Budějovice |
| 264 | 1 | |a České Budějovice |b Vysoká škola evropských a regionálních studií |c 2010 | |
| 300 | |a CD-ROM | ||
| 610 | 2 | 0 | |a rozvoj trvalo udržateľný |
| 610 | 2 | 0 | |a prostredie životné |
| 610 | 2 | 0 | |a prognózy hospodárske medzinárodné |
| 610 | 2 | 0 | |a regióny |
| 610 | 2 | 0 | |a Európa |
| 110 | 2 | |a Udržitelný rozvoj v evropských regionech. Mezinárodní konference | |